MDQL
is popping MORE tags! Check the
thread
!
Quizzes
Events
Quiz Creation
Community
Videos
Private Events
Remove Ads
Sign In
Join for FREE
Feedback
Dark Mode
Quiz Categories
Sports
Geography
Music
Movies
Television
Just For Fun
Miscellaneous
History
Literature
Language
Science
Gaming
Entertainment
Religion
Holiday
For Kids
Quiz Lab
Recent
Popular Today
Quiz Kudos Today
Editor Picks
Curator Picks
Quizzes by...
Day
Popularity
Type
Ratings
Length
Year
Community
Subscriptions
Recent Discussions
Orange Saloon
Badges
Playlists
Quests
Create
Leaderboards
Showdown
Live 5
Trivia Bingo
Activity
Puzzle Library
Sporcle Events
Private Events
Virtual Trivia
Globe League
Become a Host
Pub Owners
SporcleCon
Opinionation
Our Games
Videos
Blog
Mobile Apps
Partnerships
Remove Ads and Go Orange
Feedback
Sports
Athletes
MLB
NBA
NHL
NFL
Soccer
Sports Teams
WWE
NCAA
Football
Premier League
Basketball
Baseball
Hockey
Golf
Tennis
Cricket
Rugby
Auto Racing
Olympics
World Cup
Sports
Athletes
MLB
NBA
NHL
NFL
Soccer
Sports Teams
WWE
NCAA
Football
Premier League
Basketball
Baseball
Hockey
Golf
Tennis
Cricket
Rugby
Auto Racing
Olympics
World Cup
Random Quiz
Search Sporcle
×
Quiz Lab
Quiz Lab
Sports
NFL
Type in answers that appear in a list
Type in answers that appear in a list
Classic
Best Score? Go Orange.
2000s NFL Full Season Starters Stats
Can you name the quarterbacks who have started an entire season for a team in the 2000s?
By
chadisrad2011
6m
64 Questions
2,729 Plays
2,729 Plays
2,729 Plays
Comments
Comments
Give Quiz Kudos
Give Quiz Kudos
-
- Ratings
hide this ad
More Info
Replay
Link that replays current quiz
Next Quiz
Link to next quiz in quiz playlist
You Got
0%
They Got
Avg Score
81%
Avg Friend Score
Upgrade to see
Score Distribution
Jump to the score distribution portion of the page
Score
0/64
Timer
06:00
0
Plays Today
Team
Quarterback
% Correct
Patriots
Tom Brady
97.7%
Colts
Peyton Manning
97.4%
Giants
Eli Manning
97.3%
Jets
Brett Favre
94.9%
Packers
Brett Favre
94.9%
Vikings
Brett Favre
94.9%
Saints
Drew Brees
94.4%
Chargers
Drew Brees
94.3%
Ravens
Joe Flacco
94.1%
Steelers
Ben Roethlisberger
94.1%
Bills
Drew Bledsoe
93.1%
Patriots
Drew Bledsoe
93.1%
Cowboys
Drew Bledsoe
93%
Eagles
Donovan McNabb
92.7%
Packers
Aaron Rodgers
92.7%
Chargers
Philip Rivers
92.7%
Bengals
Carson Palmer
92.5%
Cowboys
Tony Romo
92.1%
Cardinals
Kurt Warner
91.8%
Rams
Kurt Warner
91.8%
Broncos
Jay Cutler
91.5%
Bears
Jay Cutler
91.5%
Falcons
Matt Ryan
91.3%
Jets
Mark Sanchez
89.8%
Texans
Matt Schaub
89.2%
Seahawks
Matt Hasselbeck
88.8%
Ravens
Steve McNair
88.4%
Titans
Steve McNair
88.4%
49ers
Alex Smith
87.7%
Falcons
Michael Vick
86.3%
Panthers
Jake Delhomme
86.3%
Dolphins
Chad Pennington
86%
Team
Quarterback
% Correct
Jets
Chad Pennington
86%
Texans
David Carr
85.4%
Raiders
Rich Gannon
84.6%
Vikings
Dante Culpepper
83.9%
Jaguars
David Garrard
83.7%
Rams
Sam Bradford
83.4%
Buccaneers
Josh Freeman
81.2%
Chiefs
Trent Green
81%
Buccaneers
Brad Johnson
79.9%
Rams
Marc Bulger
79.8%
49ers
Jeff Garcia
79.4%
Jaguars
Mark Brunell
79%
Broncos
Jake Plummer
78.6%
Cardinals
Jake Plummer
78.6%
Bears
Rex Grossman
78%
Giants
Kerry Collins
77.6%
Lions
Jon Kitna
76.2%
Redskins
Jason Campbell
73.7%
Jets
Vinny Testaverde
73.4%
Browns
Tim Couch
72.7%
Saints
Aaron Brooks
72.3%
Steelers
Kordell Stewart
71%
Steelers
Tommy Maddox
68%
Bills
J.P. Losman
65%
Lions
Joey Harrington
64.8%
Ravens
Kyle Boller
62.4%
Cowboys
Quincy Carter
56.2%
Dolphins
Jay Fiedler
56%
Bengals
Jon Kitna
53.5%
Chargers
Doug Flutie
51.6%
Panthers
Steve Beuerlein
43.2%
Buccaneers
Shaun King
38.3%
Quiz Playlist
Details
Report
Send in Message
Add To Playlist
More Info:
See if you see any patterns here...
Classic:
Type in answers that appear in a list
Quiz Source
Last Updated: Feb 16, 2017
Quiz Scoreboard
CHALLENGE
Sign Up to Join the Scoreboard
Show All
Scores
Hide
Comments
May contain spoilers
Recently Published
Find the 'City' Movie
by crazypaving
Movies
60s
5x2 Blitz: Bands
by SL_Kpop136
Music
30s
Colored Red Africa Blitz
by spor1
Geography
30s
More to Explore
Quiz From the Vault
Featured Blog Post
14 Easter Pick-up Lines to Find Eggs With
hide this ad
You Might Also Like...
Tags
NFL Quiz
Manning
Quarterbacks
Today's Top Quizzes in Sports
Browse Sports
hide this ad
Today's Top Quizzes in NFL
Browse NFL
Top Contributed Quizzes in Sports
1
Players with Multiple 50 Home Run Seasons
2
Who Needs Fielders?
3
Criteria MLB: Left Handed Sluggers
4
MLB Players with Two .350 Batting Average Seasons
5
Who Hit More Homers?
6
2020 F1 Drivers Logic Puzzle
7
NBA Teammate Connections
8
Premier League Clubs since 2000 (minefield)
9
MLB Teams by First Game
10
Top 10 NHL Goal Scorers of All Time
Explore More
Trending Topics
Harry Potter
Anime
NBA
Disney
Crossword
Marvel
Kpop
Song
The Office
Country
Puzzle
WWE
NFL
Pokémon
Soccer
hide this ad
More By:
chadisrad2011
Quiz
Plays
Rating
Category
Featured
Created
Big 4 Losers
35,117
4.27
Sports
Feb 26, 2011
Disney Movie by Protagonists & Antagonists
4,184
4.33
Movies
May 15, 2011
Eminem's Top Rappers
2,874
3.86
Music
Jan 27, 2011
2000s NFL Full Season Starters
2,729
4.42
Sports
Feb 1, 2011
The Purdue Quiz
1,137
3.00
Miscellaneous
Mar 15, 2011
Go to Creator's Profile
Score Distribution
Quiz Creator Spotlight
chadisrad2011
Follow
Send a Message
Quizzes Created
-
Created Quiz Play Count
-
More By This Creator
Popular Quizzes Today
1
5x2 Blitz: Bands
2
Find the 'City' Movie
3
Colored Red Africa Blitz
4
Find the US States - No Outlines Minefield
5
The Countries of the World
6
Find the US States
7
9x9 Crossword: Cartoon Network
8
US States
More Sports Quizzes
Paint the UEFA Europa League
Curator's Pick
Trending Quizzes
Colored Red Africa Blitz II
Colored Red Europe Blitz I
Christmas Pick: Judaism
Colored Red Africa Blitz III
Colored Red Europe Blitz II
Recently Updated
Champions League XIs: Real Madrid
pecheneg
Largest US Cities 1790-2010
pecheneg
Rides in Walt Disney World
pecheneg
Most Oscar Losses (Acting)
pecheneg
Beyoncé Albums
pecheneg
Leaping Animals
pecheneg
Reality TV Shows (A-Z)
bhenderson79
Rickey Henderson's Hall of Fame Teammates
pecheneg
Champions League XIs: Arsenal
pecheneg
Quick Pick: Celebrities in WWE's Hall of Fame
aduchscher
Trending Topics
Kpop
Disney
Anime
NBA
Marvel
Crossword
Harry Potter
Soccer
NFL
Pokémon
The Office
Puzzle
Country
WWE
Song
Your Account Isn't Verified!
In order to create a playlist on Sporcle, you need to verify the email address you used during registration. Go to your
Sporcle Settings
to finish the process.
Report this User
Report this user for behavior that violates our
Community Guidelines
.
Details:
Send Report
Go to the Sporcle.com Mobile Site →
Comments